[Event "TUR-ch"]
[Site "Sinop"]
[Date "2010.04.01"]
[Round "8"]
[White "Keler, Faruk"]
[Black "Bolat, Ahmet"]
[Result "1-0"]
[WhiteElo "2265"]
[BlackElo "1987"]
[PlyCount "109"]
[EventDate "2010.03.25"]
[EventType "tourn"]
[EventRounds "13"]
[EventCountry "TUR"]
[SourceTitle "CBM 135 Extra"]
[Source "ChessBase"]
[SourceDate "2010.05.04"]
[SourceVersion "1"]
[SourceVersionDate "2010.05.04"]
[SourceQuality "1"]

1. e4 c5 2. Nf3 Nc6 3. d4 cxd4 4. Nxd4 Qb6 5. Nb3 Nf6 6. Nc3 e6 7. Be3 Qc7 8. f4 Bb4 9. Bd3 d5 10. e5 Ne4 11. Bxe4 dxe4 12. Bd2 e3 13. Bxe3 Bxc3+ 14. bxc3 b6 15. 0-0 0-0 16. Qd6 Qxd6 17. exd6 Ba6 18. Rfd1 Rfd8 19. a4 Bc4 20. Rd2 Rd7 21. Rad1 Rad8 22. Kf2 f6 23. g4 Kf7 24. g5 Bxb3 25. cxb3 Na5 26. Rb2 Rxd6 27. gxf6 gxf6 28. Rxd6 Rxd6 29. Ke2 Kg6 30. c4 Kf5 31. c5 bxc5 32. Bxc5 Rd7 33. b4 Nc6 34. b5 Ne7 35. Bxe7 Rxe7 36. Kf3 Rc7 37. Rb3 Rc4 38. a5 Rxf4+ 39. Ke3 Rc4 40. b6 axb6 41. axb6 Rc8 42. Kd4 e5+ 43. Kd5 e4 44. b7 Rb8 45. Kc6 Kf4 46. Kc7 Rxb7+ 47. Rxb7 Kf3 48. Kd6 f5 49. Ke5 e3 50. Kxf5 e2 51. Re7 Kf2 52. h4 e1Q 53. Rxe1 Kxe1 54. h5 Kf2 55. h6 1-0